Union Library Management V6
เปลี่ยนเป็นภาษาไทย

Change to English
 แสดงรายละเอียดบรรณานุกรม
  กลับหน้าหลัก

Brief Record : Get Marc (ISO 2709) : E-mail record : QR code < ปิดหน้าต่าง
LEADER : 00000nam 2200000uu 4500
001    13399123485
003     ULIB
008    200115s||||||||th 000 0 tha d
020    ^a 978-974-03-1857-6
050  0 ^a LB1025 ^b ท512ศ 2566
060  0 ^a LB1025 ^b ท512ศ 2566
100 0  ^a ทิศนา แขมมณี
245 00 ศาสตร์การสอน : องค์ความรู้เพื่อการจัดกระบวนการเรียนรู้ที่มีประสิทธิภาพ /^c ทิศนา แขมมณี
250    พิมพ์ครั้งที่ 26 (ราคา 300 บาท)
260    ^a กรุงเทพฯ :^b จุฬาลงกรณ์มหาวิทยาลัย ^c 2566
300    ^a 512 หน้า:^b ตาราง ; ^c 27 ซม.
505 0  บทที่ 1 บทนำ
505 0  บทที่ 2 บริบททางการสอน
505 0  บทที่ 3 ปรัชญาการศึกษา
505 0  บทที่ 4 ประมวลทฤษฎีการเรียนรู้ที่เป็นสากลและการประยุกต์สู่การสอน
505 0  บทที่ 5 ทฤษฎีการเรียนรู้และการสอนร่วมสมัย
505 0  บทที่ 6 หลักการและแนวคิดในการจัดการเรียนการสอนร่วมสมัย
505 0  บทที่ 7 หลักการแและแนวคิดเกี่ยวกับการเรียนรู้และการสอนของนักคิดและนักการศึกษาไทย
505 0  บทที่ 8 ระบบการเรียนการสอน
505 0  บทที่ 9 รูปแบบการเรียนการสอนที่เป็นสากล
505 0  บทที่ 10 รูปแบบการเรียนการสอนและกระบวนการเรียนการสอนของไทย
505 0  บทที่ 11 วิธีการสอน
505 0  บทที่ 12 เทคนิคและทักษะการสอน
505 0  บทที่ 13 นวัตกรรมด้านการเรียนการสอน
505 0  บทที่ 14 การวิจัยและงานวิจัยด้านการเรียนการสอน
505 0  บทที่ 15 สรุป: มโนทัศน์สำคัญเกี่ยวกับการสอน
650  0 ^a การสอน-ทฤษฎี-หลักการ
650  0 ^a การเรียนรู้(จิตวิทยา)
650  0 ^a การสอน
650  0 ^a กระบวนการจัดการเรียนรู้
945    ^p200^l0^i081526
945    ^p200^l0^i081527
945    ^p200^l0^i081528
945    ^p200^l0^i081529
945    ^p200^l0^i081530
999    ^a ณัฐนันท์ อินดา
 
รายการนี้ยังไม่มีแท็ก
คุณยังไม่ได้ล็อกอิน คุณสามารถมีกิจกรรมร่วมกับเว็บไซต์ได้ แต่ต้องล็อกอินก่อน ::
  ล็อกอิน
  One Stop Service : ศูนย์ให้บริการแบบเบ็ดเสร็จ   จัดการหนังสือโปรด   แจ้งรายการบรรณานุกรมผิดพลาด
ลำดับที่ ประเภท เลขเรียก/บาร์โค้ด สถานที่ สถานะ
1. หนังสือ
หนังสือ
LB1025 ท512ศ 2566 c.1 
  Barcode: 087798
ห้องสมุดฝั่งเขลางค์
►หนังสือทั่วไป
บนชั้น
  ขอยืม
2. หนังสือ
หนังสือ
LB1025 ท512ศ 2566 c.2 
  Barcode: 087799
ห้องสมุดฝั่งเขลางค์
►หนังสือทั่วไป
บนชั้น
  ขอยืม
3. หนังสือ
หนังสือ
LB1025 ท512ศ 2566 c.3 
  Barcode: 087800
ห้องสมุดฝั่งเขลางค์
►หนังสือทั่วไป
บนชั้น
  ขอยืม
4. หนังสือ
หนังสือ
LB1025 ท512ศ 2566 c.4 
  Barcode: 087801
ห้องสมุดฝั่งเขลางค์
►หนังสือทั่วไป
บนชั้น
  ขอยืม
5. หนังสือ
หนังสือ
LB1025 ท512ศ 2566 c.5 
  Barcode: 087802
ห้องสมุดฝั่งเขลางค์
►หนังสือทั่วไป
บนชั้น
  ขอยืม

รายการใกล้เคียง
    ผู้แต่ง [ทิศนา แขมมณี]

    หัวเรื่อง [การสอน]

BibComment


ยังไม่เคยถูกคอมเมนท์

คอมเมนท์ทรัพยากรรายการนี้
  คอมเมนท์: ศาสตร์การสอน องค..

 
 
 

 Union Library Management : ULibM
Copyright 2026. All Rights Reserved.